000 00645nam a2200193Ia 4500
003 GCL
008 140319s9999 xx 000 0 ara d
040 _aGCL /
_cGCL
082 0 4 _a953.02
_bح هـ
100 1 _aحسين فوزى النجار
245 1 0 _aهيكل وحياة محمد منهج فى دراسة التاريخ الاسلامى /
_cحسين فوزى النجار
260 _a[S.N] :
_bمكتبة الانجلوالمصرية ،
_c1970
300 _a142 ص
490 _a
650 0 4 _aالسيرة النبوية
650 0 4 _aالتاريخ الاسلامى
650 0 4 _aمحمد حسنين هيكل
942 _2ddc
_cBK
999 _c30904
_d30904